000 00223 a2200109 4500
003 Nust
005 20170207154224.0
040 _cNust
082 _a371.33
245 _aAnasts (VHS-150)
440 _aAnasts (VHS-150)
538 _aDuration in Minutes-148
999 _c195463
_d195463